000 00524nam a22002057a 4500
003 MPLRDC
005 20220104195716.0
008 210129b ||||| |||| 00| 0 eng d
020 _a978-962-491-321-7
082 _a857.9 HY-6 v.16
100 _a黄易
245 _a日月当空. 卷十六
_c
250 _a初版
260 _a香港
_b黄易出版社有限公司
_c2014
300 _b
490 _a盛唐三部曲 1
520 _a上架 2017-04-16。
650 _a武侠小说
942 _cBK
_o857.9 HY-6 v.16
999 _c66305
_d66295